[Event "Albena BUL, 19th Open round_7"]
[Site "Albena BUL"]
[Date "2011.07.01"]
[Round "7.4"]
[White "Delchev, Aleksander"]
[Black "Carlsson, Pontus"]
[Result "1-0"]
[WhiteElo "2619"]
[BlackElo "2497"]
[PlyCount "81"]
[EventDate "2011.??.??"]
[EventCountry "BUL"]

1. Nf3 Nf6 2. c4 c5 3. Nc3 e6 4. g3 b6 5. Bg2 Bb7 6. O-O a6 7. d4 cxd4 8. Qxd4
d6 9. Rd1 Be7 10. Be3 Nbd7 11. Qd2 Rc8 12. Bf4 Rxc4 13. Bxd6 O-O 14. Ne5 Nxe5
15. Bxb7 Bxd6 16. Qxd6 Qxd6 17. Rxd6 Rb4 18. b3 a5 19. Rb1 Rb8 20. a3 Ne8 21.
Rdd1 Rg4 22. Bg2 Rg6 23. Nb5 Rg5 24. Na7 Ng6 25. b4 axb4 26. axb4 Kf8 27. f4
Rh5 28. Bf3 Rh6 29. Rbc1 Ne7 30. Rd7 e5 31. Rcd1 exf4 32. gxf4 f5 33. b5 Re6
34. Nc6 Rc8 35. Rb7 Nf6 36. Nd8 Re3 37. Kf2 Rb3 38. Ne6+ Kf7 39. Nd4 Rxf3+ 40.
Kxf3 Rc3+ 41. Rd3 1-0

[Event "Albena BUL, 19th Open round_7"]
[Site "Albena BUL"]
[Date "2011.07.01"]
[Round "7.5"]
[White "Arnaudov, G  Petar"]
[Black "Nikolov, Momchil"]
[Result "1/2-1/2"]
[WhiteElo "2449"]
[BlackElo "2583"]
[PlyCount "30"]
[EventDate "2011.??.??"]
[EventCountry "BUL"]

1. c4 Nf6 2. g3 c5 3. Bg2 d5 4. cxd5 Nxd5 5. Nc3 Nc7 6. Nf3 Nc6 7. O-O e5 8. a3
Bd6 9. e3 O-O 10. d4 cxd4 11. exd4 Bg4 12. dxe5 Nxe5 13. Ne4 Nxf3+ 14. Bxf3
Bxf3 15. Qxf3 Be5 1/2-1/2

[Event "Albena BUL, 19th Open round_7"]
[Site "Albena BUL"]
[Date "2011.07.01"]
[Round "7.6"]
[White "Cioara, Andrei-Nestor"]
[Black "Jaracz, Pawel"]
[Result "1/2-1/2"]
[WhiteElo "2427"]
[BlackElo "2575"]
[PlyCount "21"]
[EventDate "2011.??.??"]
[EventCountry "BUL"]

1. Nf3 c5 2. c4 Nc6 3. d4 cxd4 4. Nxd4 Nf6 5. Nc3 e6 6. Bg5 h6 7. Bh4 a6 8. a3
Be7 9. e3 O-O 10. Be2 d6 11. O-O 1/2-1/2

[Event "Albena BUL, 19th Open round_7"]
[Site "Albena BUL"]
[Date "2011.07.01"]
[Round "7.7"]
[White "Svetushkin, Dmitry"]
[Black "Spassov, Liuben"]
[Result "1/2-1/2"]
[WhiteElo "2561"]
[BlackElo "2384"]
[PlyCount "91"]
[EventDate "2011.??.??"]
[EventCountry "BUL"]

1. e4 c6 2. d4 d5 3. e5 Bf5 4. Nd2 e6 5. Nb3 Nd7 6. Nf3 Ne7 7. Be2 Nc8 8. a4
Be7 9. O-O O-O 10. a5 a6 11. Be3 Na7 12. c4 dxc4 13. Nbd2 Nb5 14. Nxc4 Nc7 15.
Bd3 Bxd3 16. Qxd3 Nd5 17. Nfd2 f5 18. exf6 Rxf6 19. Rfe1 Qc7 20. Bg5 Rg6 21.
Bxe7 Rxg2+ 22. Kf1 Qxh2 23. Qf3 Rg1+ 24. Ke2 Rxe1+ 25. Rxe1 Nxe7 26. Rh1 Qc7
27. Qe4 Nf8 28. Nf3 h6 29. Rg1 Rd8 30. Qg4 Nf5 31. Ne3 Qf7 32. Qe4 Kh8 33. b4
Qf6 34. Kd3 Nxe3 35. fxe3 Qf5 36. Nd2 Nd7 37. Rf1 Qb5+ 38. Kc3 Qd5 39. Rf7 b5
40. Qg6 Rg8 41. e4 Qd6 42. Nf3 Nf8 43. Qg4 Nh7 44. Qg6 Nf8 45. Qg4 Nh7 46. Qg6
1/2-1/2

[Event "Albena BUL, 19th Open round_7"]
[Site "Albena BUL"]
[Date "2011.07.01"]
[Round "7.8"]
[White "Chatalbashev, Boris"]
[Black "Radulov, Ivan"]
[Result "0-1"]
[WhiteElo "2591"]
[BlackElo "2288"]
[PlyCount "92"]
[EventDate "2011.??.??"]
[EventCountry "BUL"]

1. d4 d5 2. c4 e6 3. Nc3 Nf6 4. cxd5 exd5 5. Bg5 Nbd7 6. e3 c6 7. Bd3 Be7 8.
Qc2 O-O 9. Nf3 h6 10. Bf4 Ne8 11. g4 Bd6 12. Bg3 b5 13. Ne2 Qf6 14. Nd2 c5 15.
Bxb5 c4 16. h4 Bxg3 17. Nxg3 Nc7 18. g5 Qe6 19. Bxd7 Bxd7 20. Nf3 f5 21. Ne5 f4
22. Nh5 fxe3 23. fxe3 Qe8 24. Ng3 h5 25. b3 Be6 26. Rf1 Qb5 27. Rb1 Qa5+ 28.
Qd2 Qa6 29. Qe2 Nb5 30. g6 Qa5+ 31. b4 Qa3 32. Rf7 Nxd4 33. Qd2 c3 34. Qxd4 c2
35. Rd1 cxd1=Q+ 36. Kxd1 Bxf7 37. gxf7+ Rxf7 38. Nxf7 Rc8 39. Nd6 Qa4+ 40. Ke2
Qa6+ 41. Kf3 Qxd6 42. Nf5 Qd7 43. Ng3 Qg4+ 44. Qxg4 hxg4+ 45. Kxg4 Rc4+ 46. Kf5
Rxb4 0-1

[Event "Albena BUL, 19th Open round_7"]
[Site "Albena BUL"]
[Date "2011.07.01"]
[Round "7.10"]
[White "Stanojoski, Zvonko"]
[Black "Soltanici, Ruslan"]
[Result "1/2-1/2"]
[WhiteElo "2493"]
[BlackElo "2367"]
[PlyCount "89"]
[EventDate "2011.??.??"]
[EventCountry "BUL"]

1. e4 e5 2. Nf3 Nc6 3. Bb5 a6 4. Bxc6 dxc6 5. Nc3 f6 6. d4 exd4 7. Nxd4 c5 8.
Nde2 Qxd1+ 9. Nxd1 Bd7 10. Bf4 O-O-O 11. Ne3 Re8 12. f3 Ne7 13. Kf2 g5 14. Bg3
f5 15. exf5 Nxf5 16. Nxf5 Bxf5 17. c3 g4 18. Rhe1 gxf3 19. gxf3 c4 20. Nd4 Bc5
21. Be5 Rhg8 22. f4 Rg6 23. Kf3 Bg4+ 24. Ke4 Rh6 25. Rg1 Bd7 26. Rg2 Bb6 27.
Rag1 Bc6+ 28. Nxc6 Bxg1 29. Rxg1 Rxc6 30. Rg7 h6 31. h4 Kd8 32. Kd5 Re7 33.
Rg8+ Re8 34. Rg7 Re7 35. Rg8+ Re8 36. Rg2 Ke7 37. f5 Kf8 38. Bd4 Rd8+ 39. Ke4
Re8+ 40. Kf4 Re1 41. Bg7+ Kf7 42. Bd4 Kf8 43. Bg7+ Kf7 44. Bd4 Kf8 45. Bg7+
1/2-1/2

[Event "Albena BUL, 19th Open round_7"]
[Site "Albena BUL"]
[Date "2011.07.01"]
[Round "7.11"]
[White "Berbatov, Kiprian"]
[Black "Dimitrov, Pavel"]
[Result "1-0"]
[WhiteElo "2490"]
[BlackElo "2344"]
[PlyCount "87"]
[EventDate "2011.??.??"]
[EventCountry "BUL"]

1. e4 d6 2. d4 Nf6 3. Nc3 g6 4. Be3 Bg7 5. Qd2 O-O 6. O-O-O Nc6 7. f3 e5 8.
Nge2 Re8 9. d5 Na5 10. Ng3 b6 11. Bh6 Qe7 12. h4 Bxh6 13. Qxh6 Qf8 14. Qg5 Qg7
15. h5 h6 16. Qe3 g5 17. b4 Nb7 18. Ba6 Nd8 19. Bxc8 Rxc8 20. a3 c6 21. dxc6
Rxc6 22. Nb5 Ne6 23. Nxa7 Rc7 24. Nb5 Rc6 25. Rxd6 Rc4 26. Nf5 Qf8 27. g4 Rec8
28. Rh2 Ne8 29. Rxb6 N8g7 30. Nfd6 Nd4 31. Nxc4 Rxc4 32. Qd3 Rc8 33. Nxd4 Rd8
34. Rd2 exd4 35. Qc4 Qe7 36. Rxd4 Re8 37. Qb5 Qc7 38. Kb2 Qf4 39. Rdd6 Rc8 40.
Rb8 Qxd6 41. Rxc8+ Kh7 42. Qd5 Qf4 43. Qd8 Qe5+ 44. Kb1 1-0

[Event "Albena BUL, 19th Open round_7"]
[Site "Albena BUL"]
[Date "2011.07.01"]
[Round "7.12"]
[White "Kiroski, Toni"]
[Black "Filip, Lucian"]
[Result "1-0"]
[WhiteElo "2340"]
[BlackElo "2467"]
[PlyCount "79"]
[EventDate "2011.??.??"]
[EventCountry "BUL"]

1. e4 c5 2. Nf3 e6 3. d4 cxd4 4. Nxd4 a6 5. Nc3 Qc7 6. Be3 Bb4 7. Nde2 Nf6 8.
a3 Be7 9. Na4 Nc6 10. Nb6 Rb8 11. Nc3 Ne5 12. Be2 Bc5 13. Bxc5 Qxc5 14. Nca4
Qe7 15. f4 Nxe4 16. Qd4 Qh4+ 17. g3 Nxg3 18. hxg3 Qxh1+ 19. Kd2 Qxa1 20. Qxe5
O-O 21. Qxb8 Qg1 22. Nxc8 Kh8 23. b4 d6 24. Qxb7 Qxg3 25. Qf3 Qxf3 26. Bxf3
Rxc8 27. Bb7 Rc7 28. Bxa6 h5 29. b5 Ra7 30. b6 Rxa6 31. b7 Rxa4 32. b8=Q+ Kh7
33. Qxd6 h4 34. c4 h3 35. Qd3+ Kg8 36. Qxh3 Rxc4 37. Qb3 Rc5 38. a4 Rh5 39. Qc3
Rh2+ 40. Kd1 1-0

[Event "Albena BUL, 19th Open round_7"]
[Site "Albena BUL"]
[Date "2011.07.01"]
[Round "7.13"]
[White "Akesson, Ralf"]
[Black "Stoma, Pawel"]
[Result "1/2-1/2"]
[WhiteElo "2451"]
[BlackElo "2326"]
[PlyCount "146"]
[EventDate "2011.??.??"]
[EventCountry "BUL"]

1. Nf3 Nf6 2. c4 c6 3. d4 d5 4. e3 a6 5. b3 Bf5 6. Bd3 Ne4 7. O-O e6 8. Bb2 Nd7
9. Qe2 Bd6 10. Ne5 Qc7 11. Nxd7 Kxd7 12. Kh1 h5 13. f4 Rag8 14. Nd2 Bg4 15. Qe1
f5 16. Nf3 h4 17. c5 Be7 18. Ne5+ Kc8 19. Bxe4 dxe4 20. Nxg4 fxg4 21. Qb1 Qd7
22. Qxe4 h3 23. g3 Qd5 24. Qxd5 exd5 25. Rae1 Re8 26. e4 dxe4 27. Rxe4 Bf6 28.
Rfe1 Kd7 29. Kg1 Rxe4 30. Rxe4 Re8 31. Rxe8 Kxe8 32. Kf2 Kf7 33. f5 g6 34.
fxg6+ Kxg6 35. Ke3 Kf5 36. Bc3 Bg5+ 37. Kd3 Bf4 38. Be1 Bb8 39. Bf2 Bc7 40. Be1
Bb8 41. b4 Bc7 42. a4 b5 43. cxb6 Bxb6 44. Bf2 Bc7 45. d5 cxd5 46. b5 axb5 47.
axb5 d4 48. Bg1 Ke6 49. Ke4 Kd7 50. Bf2 Ke6 51. Be1 Bb6 52. Kf4 Kd5 53. Kxg4
Ke4 54. Kxh3 Kf3 55. Kh4 d3 56. Bd2 Ke2 57. Bh6 Bd4 58. h3 Bg7 59. b6 Bxh6 60.
b7 d2 61. b8=Q d1=Q 62. Qe5+ Kf1 63. Qf6+ Kg2 64. Qxh6 Qd8+ 65. Qg5 Qh8+ 66.
Kg4 Qc8+ 67. Kf4 Qc1+ 68. Kf5 Qc8+ 69. Kg6 Qg8+ 70. Kh5 Qf7+ 71. Kg4 Qd7+ 72.
Qf5 Qxf5+ 73. Kxf5 Kxg3 1/2-1/2

[Event "Albena BUL, 19th Open round_7"]
[Site "Albena BUL"]
[Date "2011.07.01"]
[Round "7.14"]
[White "Farago, Ivan"]
[Black "Sarenac, David"]
[Result "1-0"]
[WhiteElo "2448"]
[BlackElo "2315"]
[PlyCount "105"]
[EventDate "2011.??.??"]
[EventCountry "BUL"]

1. d4 Nf6 2. c4 g6 3. Nc3 d5 4. Nf3 Bg7 5. Qa4+ Bd7 6. Qb3 dxc4 7. Qxc4 O-O 8.
Bf4 Na6 9. e4 c5 10. e5 Be6 11. exf6 Bxc4 12. fxg7 Kxg7 13. Bxc4 cxd4 14. Be5+
Kg8 15. Bxd4 Rc8 16. Be2 Nb4 17. Rc1 Qa5 18. O-O Rfd8 19. a3 Nc6 20. Be3 a6 21.
h3 Ne5 22. Nxe5 Qxe5 23. Bf3 b5 24. Rfe1 Rd7 25. Bh6 Qb8 26. Bg4 e6 27. Ne4
Rxc1 28. Nf6+ Kh8 29. Rxc1 Rd8 30. f4 Qa7+ 31. Kh2 Qe7 32. Bg5 Qb7 33. Bf3 Qb8
34. Ne4 Rd5 35. Bf6+ Kg8 36. g3 Rd3 37. Bg2 Rd5 38. Rc2 Rf5 39. Bd4 Qd8 40. Rd2
Qe7 41. Be5 Rxe5 42. fxe5 Qc7 43. Nf6+ Kf8 44. Rd6 Qc2 45. h4 Qxb2 46. Rd8+ Kg7
47. Rg8+ Kh6 48. Rh8 g5 49. h5 g4 50. Rxh7+ Kg5 51. Rg7+ Kf5 52. Nxg4 Qxa3 53.
Rg8 1-0

[Event "Albena BUL, 19th Open round_7"]
[Site "Albena BUL"]
[Date "2011.07.01"]
[Round "7.16"]
[White "Simonian, Tigran"]
[Black "Nikolov, Sasho"]
[Result "0-1"]
[WhiteElo "2294"]
[BlackElo "2418"]
[PlyCount "68"]
[EventDate "2011.??.??"]
[EventCountry "BUL"]

1. d4 d5 2. c4 c6 3. Nc3 dxc4 4. a4 e5 5. dxe5 Qxd1+ 6. Kxd1 Nd7 7. f4 f6 8. e4
fxe5 9. Bxc4 Ngf6 10. Nf3 Bb4 11. Kc2 Rf8 12. Re1 exf4 13. Bxf4 Nh5 14. Bc7 Nf4
15. Ng5 Nxg2 16. Re2 Nf4 17. Bxf4 Rxf4 18. Ne6 Ne5 19. Nxf4 Nxc4 20. e5 Bg4 21.
Ree1 a5 22. b3 Bf5+ 23. Nd3 O-O-O 24. Rad1 Na3+ 25. Kb2 Bxd3 26. e6 Be7 27. Rd2
Bf5 28. Rxd8+ Kxd8 29. Rd1+ Ke8 30. Rd7 b5 31. axb5 Nxb5 32. Nxb5 cxb5 33. Rd5
Bxe6 34. Rxb5 Bb4 0-1

[Event "Albena BUL, 19th Open round_7"]
[Site "Albena BUL"]
[Date "2011.07.01"]
[Round "7.18"]
[White "Georgescu, Tiberiu-Marian"]
[Black "Nikolaou, Georgios"]
[Result "1-0"]
[WhiteElo "2397"]
[BlackElo "2286"]
[PlyCount "103"]
[EventDate "2011.??.??"]
[EventCountry "BUL"]

1. d4 Nf6 2. Nf3 g6 3. c4 Bg7 4. Nc3 O-O 5. e4 d6 6. h3 e5 7. d5 a5 8. Bg5 Na6
9. g4 Qe8 10. Rg1 Kh8 11. Be2 c6 12. Nd2 Nd7 13. h4 f6 14. Be3 Ndc5 15. Nb3 f5
16. dxc6 Qxc6 17. Nxa5 Qc7 18. Nb3 Nxe4 19. Nxe4 fxe4 20. Nd2 Qa5 21. Qb3 Nc5
22. Qb5 Qxb5 23. cxb5 Nd3+ 24. Bxd3 exd3 25. Nc4 Be6 26. Nxd6 Bxa2 27. Kd2 e4
28. Rac1 Bxb2 29. Rc7 Be5 30. Re7 Bf6 31. Rxe4 Bd5 32. Rf4 Be5 33. Bd4 Bxd4 34.
Rxd4 Ra2+ 35. Kc3 Ra3+ 36. Kb4 Rb3+ 37. Kc5 Bf3 38. Kc4 Rb2 39. Kxd3 Rxf2 40.
Re1 Rb2 41. Re7 Kg8 42. Kc3 Re2 43. Rxe2 Bxe2 44. g5 Bf3 45. Ne4 Kg7 46. Nf6
Rf7 47. Kb4 h6 48. Kc5 hxg5 49. hxg5 Re7 50. Rd7 Kf7 51. Kd6 Rxd7+ 52. Nxd7 1-0

[Event "Albena BUL, 19th Open round_7"]
[Site "Albena BUL"]
[Date "2011.07.01"]
[Round "7.19"]
[White "Kadric, Denis"]
[Black "Ivanov, Bogidar"]
[Result "1-0"]
[WhiteElo "2376"]
[BlackElo "2179"]
[PlyCount "65"]
[EventDate "2011.??.??"]
[EventCountry "BUL"]

1. e4 c5 2. Nf3 Nc6 3. d4 cxd4 4. Nxd4 Nf6 5. Nc3 e5 6. Ndb5 d6 7. Bg5 a6 8.
Na3 b5 9. Bxf6 gxf6 10. Nd5 Bg7 11. Bd3 Ne7 12. Nxe7 Qxe7 13. c3 f5 14. O-O O-O
15. Nc2 d5 16. exf5 e4 17. Be2 Rd8 18. Bg4 a5 19. Re1 b4 20. Nd4 Qc5 21. Re3
bxc3 22. bxc3 Ra6 23. Rg3 Be5 24. Rh3 h6 25. Rb1 Rb6 26. Rxb6 Qxb6 27. f6 Kf8
28. Rxh6 Bxf6 29. h4 Ba6 30. Ne6+ Ke7 31. Nxd8 Qxd8 32. Qd2 Bc4 33. Rxf6 1-0

[Event "Albena BUL, 19th Open round_7"]
[Site "Albena BUL"]
[Date "2011.07.01"]
[Round "7.20"]
[White "Orndahl, Markus"]
[Black "Nevednichy, Vladislav"]
[Result "0-1"]
[WhiteElo "2235"]
[BlackElo "2542"]
[PlyCount "45"]
[EventDate "2011.??.??"]
[EventCountry "BUL"]

1. e4 c5 2. Nf3 d6 3. d4 cxd4 4. Nxd4 Nf6 5. Nc3 Nc6 6. Be3 Ng4 7. Bb5 Nxe3 8.
fxe3 Bd7 9. Bxc6 bxc6 10. O-O e5 11. Qf3 f6 12. Nde2 Be7 13. b4 O-O 14. a4 Rc8
15. b5 Be6 16. Rfd1 Qd7 17. h3 Rc7 18. bxc6 Rxc6 19. Nd5 Bxd5 20. Rxd5 Rxc2 21.
Ng3 g6 22. Rb5 Rfc8 23. Qd1 {...} 0-1

[Event "Albena BUL, 19th Open round_7"]
[Site "Albena BUL"]
[Date "2011.07.01"]
[Round "7.24"]
[White "Lilov, Valeri"]
[Black "Halldorsson, Jon Arni"]
[Result "1-0"]
[WhiteElo "2412"]
[BlackElo "2214"]
[PlyCount "103"]
[EventDate "2011.??.??"]
[EventCountry "BUL"]

1. e4 e6 2. d4 d5 3. Nd2 dxe4 4. Nxe4 Nd7 5. Nf3 Ngf6 6. Nxf6+ Nxf6 7. c3 c5 8.
Be3 cxd4 9. Bxd4 Be7 10. Bd3 O-O 11. Qc2 h6 12. O-O-O Qa5 13. Kb1 Rd8 14. Ne5
Bd7 15. Nxd7 Nxd7 16. Bh7+ Kh8 17. Be4 Qc7 18. Qe2 Bf6 19. Be3 Nc5 20. Bc2 b6
21. h4 Rxd1+ 22. Qxd1 Rd8 23. Qe2 Qb7 24. f3 Qa6 25. Qxa6 Nxa6 26. h5 Kg8 27.
Rd1 Rxd1+ 28. Bxd1 Kf8 29. Kc2 Ke7 30. Kd3 Nc7 31. f4 e5 32. Ke4 Kd6 33. Bb3
Ne6 34. fxe5+ Bxe5 35. Kf5 g6+ 36. hxg6 fxg6+ 37. Kxg6 Nf4+ 38. Kf5 Nxg2 39.
Bxh6 Nh4+ 40. Kg5 Ng2 41. Kg4 Ne1 42. Kf5 Bg3 43. Ke4 Bf2 44. Bf4+ Kc6 45. Be3
Bh4 46. Bg1 Bg5 47. Bd1 Ng2 48. Bf3 Nh4 49. Bh5 Bc1 50. b3 Ng2 51. Bf3 Nf4 52.
Be3 1-0

[Event "Albena BUL, 19th Open round_7"]
[Site "Albena BUL"]
[Date "2011.07.01"]
[Round "7.26"]
[White "Panbukchian, Valentin"]
[Black "Idrisov, Tabriz Arif Oglu"]
[Result "0-1"]
[WhiteElo "2385"]
[BlackElo "2204"]
[PlyCount "106"]
[EventDate "2011.??.??"]
[EventCountry "BUL"]

1. f4 c5 2. Nf3 Nc6 3. g3 g6 4. Bg2 Bg7 5. d3 e6 6. O-O Nge7 7. e4 O-O 8. Nbd2
d5 9. a3 b6 10. Rb1 a5 11. a4 dxe4 12. dxe4 Ba6 13. Re1 Ra7 14. Bf1 Bxf1 15.
Nxf1 Rd7 16. Qe2 Nd4 17. Qg2 Nec6 18. Ne3 Nxf3+ 19. Qxf3 f5 20. c3 Ne7 21. Nc4
Nc8 22. e5 Qc7 23. Be3 Rfd8 24. Rec1 Bf8 25. b4 axb4 26. cxb4 Rd3 27. Qf2 Qc6
28. b5 Qe4 29. h4 Ne7 30. Kh2 Nd5 31. Bd2 Rd4 32. Qf1 h6 33. Rb2 Nb4 34. Bxb4
cxb4 35. Re1 Qb7 36. Ne3 Bc5 37. Ree2 Qa8 38. Qg2 Kf7 39. h5 gxh5 40. Qh3 Kg6
41. g4 fxg4 42. Nxg4 hxg4 43. Qxg4+ Kh7 44. Rg2 Rg8 45. Qxe6 Rxf4 46. Qd7+ Kh8
47. Qh3 Rxg2+ 48. Rxg2 Qf8 49. e6 Be7 50. Rg4 Rxg4 51. Qxg4 Qf2+ 52. Kh3 Qf1+
53. Kg3 Qg1+ 0-1

[Event "Albena BUL, 19th Open round_7"]
[Site "Albena BUL"]
[Date "2011.07.01"]
[Round "7.27"]
[White "Vutov, Mario"]
[Black "Dimov, Kiril"]
[Result "1-0"]
[WhiteElo "2342"]
[BlackElo "2187"]
[PlyCount "95"]
[EventDate "2011.??.??"]
[EventCountry "BUL"]

1. e4 e5 2. Nf3 Nc6 3. Bb5 a6 4. Ba4 Nf6 5. O-O Nxe4 6. d4 b5 7. Bb3 d5 8. dxe5
Be6 9. Nbd2 Nc5 10. c3 Be7 11. Bc2 d4 12. cxd4 Nxd4 13. Nxd4 Qxd4 14. Nf3 Qxd1
15. Rxd1 O-O 16. Nd4 Rfd8 17. Be3 Bd5 18. Nf5 Bf8 19. Bg5 Rd7 20. Ne7+ Bxe7 21.
Bxe7 Ne6 22. Bb3 c6 23. Bxd5 cxd5 24. Bd6 f6 25. g3 fxe5 26. Bxe5 Kf7 27. Rac1
g5 28. h3 h5 29. Rc6 d4 30. f4 gxf4 31. gxf4 d3 32. Kf2 h4 33. Ke3 Rg8 34. f5
Ng5 35. Rf6+ Ke8 36. Rxd3 Rxd3+ 37. Kxd3 Nxh3 38. Rxa6 Nf2+ 39. Kd4 Rg4+ 40.
Kd5 Nd3 41. Ra8+ Kf7 42. Ra7+ Ke8 43. Bd6 Nf4+ 44. Kc6 Nh5 45. Re7+ Kd8 46. Rh7
Rc4+ 47. Kxb5 Rd4 48. Kc5 1-0

[Event "Albena BUL, 19th Open round_7"]
[Site "Albena BUL"]
[Date "2011.07.01"]
[Round "7.29"]
[White "Sarenac, Ivan"]
[Black "Bejatovic, Bojana"]
[Result "1-0"]
[WhiteElo "2315"]
[BlackElo "1968"]
[PlyCount "111"]
[EventDate "2011.??.??"]
[EventCountry "BUL"]

1. e4 g6 2. d4 Bg7 3. Nc3 c6 4. Be3 d6 5. Qd2 Nf6 6. f3 O-O 7. O-O-O b5 8. Bh6
Qa5 9. Bxg7 Kxg7 10. Kb1 Nbd7 11. g4 e5 12. h4 b4 13. Nce2 Nb6 14. Nc1 Be6 15.
h5 Nc4 16. Bxc4 Bxc4 17. b3 Bb5 18. dxe5 dxe5 19. h6+ Kg8 20. Qg5 Ne8 21. Qxe5
Qc7 22. Qc5 a5 23. Nh3 Qa7 24. Qxa7 Rxa7 25. Rd8 Nc7 26. Rhd1 Ne6 27. R8d6 Raa8
28. c4 bxc3 29. a4 Ba6 30. Rxc6 Rac8 31. Rxc8 Rxc8 32. Kc2 Kf8 33. Rd6 Bf1 34.
Ng1 Ke7 35. Rd1 Ba6 36. Nce2 Kf6 37. Nxc3 g5 38. Rd6 Bf1 39. Kb2 Kg6 40. Rd1
Ba6 41. Nge2 Bxe2 42. Nxe2 Kxh6 43. Rd5 Nc5 44. Ng3 Kg6 45. Nh5 Rc6 46. e5 h6
47. Rd8 Nb7 48. Rg8+ Kh7 49. Rg7+ Kh8 50. Rxf7 Nc5 51. Nf6 Nd3+ 52. Kb1 Rc1+
53. Ka2 Nb4+ 54. Ka3 Ra1+ 55. Kb2 Ra2+ 56. Kb1 1-0

[Event "Albena BUL, 19th Open round_7"]
[Site "Albena BUL"]
[Date "2011.07.01"]
[Round "7.30"]
[White "Yordanova, Svetla"]
[Black "Voicu-Jagodzinsky, Carmen"]
[Result "1-0"]
[WhiteElo "2137"]
[BlackElo "2303"]
[PlyCount "129"]
[EventDate "2011.??.??"]
[EventCountry "BUL"]

1. e4 c5 2. c3 d6 3. d4 Nf6 4. f3 d5 5. e5 Nfd7 6. f4 cxd4 7. cxd4 Nb6 8. Nc3
Nc6 9. Be3 g6 10. Be2 h5 11. Nf3 Bg4 12. Nd2 Bxe2 13. Qxe2 e6 14. O-O a6 15.
Rac1 Rc8 16. Kh1 Be7 17. g3 Na5 18. b3 Nc6 19. Ncb1 Nd7 20. Nf3 Qa5 21. Rc2 O-O
22. Rfc1 Na7 23. h3 Rxc2 24. Rxc2 Rc8 25. Rxc8+ Nxc8 26. Qc2 Qd8 27. g4 hxg4
28. hxg4 Bf8 29. f5 exf5 30. gxf5 Ne7 31. fxg6 fxg6 32. Bg5 Qc8 33. Qg2 Qc6 34.
Nh4 Kg7 35. Kh2 Qe6 36. Nc3 Kf7 37. Qf3+ Kg8 38. Ne2 Nxe5 39. dxe5 Qxe5+ 40.
Bf4 Qf6 41. Qg4 Bg7 42. Nf3 Nf5 43. Kh3 Qe6 44. Ng3 d4 45. Ng5 Qd5 46. N5e4
Nxg3 47. Qc8+ Kf7 48. Nd6+ Ke7 49. Qc7+ Kf6 50. Qd8+ Ke6 51. Qe8+ Kf6 52. Kxg3
g5 53. Ne4+ Kf5 54. Nxg5 d3 55. Nf3 Bf6 56. Qh5+ Ke6 57. Qxd5+ Kxd5 58. Bd2 b5
59. Kf4 Bd4 60. Nxd4 Kxd4 61. Kf3 Kc5 62. Ke4 Kb6 63. Kxd3 a5 64. Kd4 a4 65. b4
1-0

[Event "Albena BUL, 19th Open round_7"]
[Site "Albena BUL"]
[Date "2011.07.01"]
[Round "7.32"]
[White "Vetrov, Alexey"]
[Black "Dimov, Dian"]
[Result "1-0"]
[WhiteElo "2122"]
[BlackElo "2292"]
[PlyCount "109"]
[EventDate "2011.??.??"]
[EventCountry "BUL"]

1. Nf3 g6 2. d4 Bg7 3. c3 d6 4. Bf4 Nd7 5. Nbd2 e5 6. dxe5 dxe5 7. Bg3 Nh6 8.
e4 O-O 9. Bc4 Kh8 10. h4 Qe7 11. h5 g5 12. Qc2 c6 13. Nb3 f6 14. a4 Nb6 15. Bd3
Be6 16. a5 Nd7 17. O-O-O Rfd8 18. Nfd2 b6 19. f3 Nc5 20. Bc4 Nb7 21. a6 Nd6 22.
Bxe6 Qxe6 23. Qd3 f5 24. Qe2 f4 25. Bf2 g4 26. Bh4 Rf8 27. Kc2 g3 28. Nc1 Rfc8
29. Qd3 Nhf7 30. b3 b5 31. c4 Bf8 32. c5 Ne8 33. b4 Be7 34. Bxe7 Qxe7 35. Ne2
Nc7 36. Qc3 Qf6 37. Qa1 Rd8 38. h6 Rd7 39. Rh5 Ng5 40. Rhh1 Rad8 41. Nb3 Kg8
42. Rxd7 Rxd7 43. Rd1 Rxd1 44. Qxd1 Nge6 45. Qd7 Qxh6 46. Qc8+ Kf7 47. Na5 Qh1
48. Nxc6 Qxg2 49. Nxe5+ Kf6 50. Qh8+ Kg5 51. Qg8+ Kf6 52. Qf7+ Kg5 53. Qf5+ Kh6
54. Ng4+ Kg7 55. Qf6+ 1-0

[Event "Albena BUL, 19th Open round_7"]
[Site "Albena BUL"]
[Date "2011.07.01"]
[Round "7.34"]
[White "Khazankin, Moisei"]
[Black "Jaracz, Barbara"]
[Result "0-1"]
[WhiteElo "2091"]
[BlackElo "2275"]
[PlyCount "84"]
[EventDate "2011.??.??"]
[EventCountry "BUL"]

1. e4 e5 2. Nf3 Nc6 3. Bb5 a6 4. Ba4 Nf6 5. d3 b5 6. Bb3 Be7 7. O-O d6 8. a4 b4
9. a5 O-O 10. Nbd2 Be6 11. Nc4 Rb8 12. Ba4 Na7 13. Be3 Nb5 14. h3 h6 15. Qe1
Nd7 16. Bd2 c5 17. c3 bxc3 18. Bxc3 f5 19. Nfd2 Qe8 20. Bb3 Nxc3 21. bxc3 fxe4
22. Ba2 exd3 23. Nxe5 Bxa2 24. Nxd7 Qxd7 25. Rxa2 d5 26. Qe3 c4 27. Nf3 Bf6 28.
Nd4 Rbe8 29. Qc1 Bxd4 30. cxd4 Qf5 31. Rd2 Re2 32. Qb2 Rfe8 33. Rxe2 dxe2 34.
Re1 Qd3 35. f3 c3 36. Qb6 Qe3+ 37. Kh2 c2 38. Qc6 c1=Q 39. Rxc1 e1=Q 40. Qxd5+
Kh8 41. Rxe1 Qxe1 42. Qc6 Qe6 0-1

[Event "Albena BUL, 19th Open round_7"]
[Site "Albena BUL"]
[Date "2011.07.01"]
[Round "7.39"]
[White "Bonev, Todor"]
[Black "Osman, Mihai"]
[Result "1/2-1/2"]
[WhiteElo "2317"]
[BlackElo "2134"]
[PlyCount "116"]
[EventDate "2011.??.??"]
[EventCountry "BUL"]

1. e4 c5 2. Nf3 a6 3. c4 d6 4. d4 Bg4 5. dxc5 Bxf3 6. gxf3 dxc5 7. Qb3 Nc6 8.
Be3 Qa5+ 9. Nc3 O-O-O 10. Bh3+ e6 11. O-O Nd4 12. Bxd4 cxd4 13. Na4 Qg5+ 14.
Bg2 h5 15. f4 Qa5 16. c5 Qb5 17. Rfc1 Qxb3 18. axb3 Kc7 19. Nb6 Ne7 20. Nc4 Ng6
21. Bf3 Nxf4 22. c6 Nd3 23. Rd1 b5 24. Rxd3 bxc4 25. bxc4 e5 26. Rb3 Kxc6 27.
Rxa6+ Kc5 28. Be2 d3 29. Bxd3 Be7 30. Ra7 Rhe8 31. Bf1 Kc6 32. Rbb7 Bc5 33.
Rc7+ Kd6 34. Rab7 Re6 35. Rxf7 Rg6+ 36. Kh1 Ra8 37. b4 Ra1 38. bxc5+ Kxc5 39.
h4 Rxf1+ 40. Kh2 Rfg1 41. Rf3 R1g4 42. Kh3 Rxe4 43. Rf5 Re1 44. Rg5 Rf6 45.
Rbxg7 Rxf2 46. Rxh5 Kxc4 47. Rg3 Rf4 48. Ra3 Rh1+ 49. Kg2 Re1 50. Rxe5 Rxe5 51.
Ra4+ Kd5 52. Rxf4 Ke6 53. Kg3 Rf5 54. Ra4 Rb5 55. Kg4 Kf6 56. h5 Kg7 57. Ra7+
Kh6 58. Ra6+ Kg7 1/2-1/2

[Event "Albena BUL, 19th Open round_7"]
[Site "Albena BUL"]
[Date "2011.07.01"]
[Round "7.43"]
[White "Todorov, Kostadinov Todor"]
[Black "Taras, Iulian-Ioan"]
[Result "0-1"]
[WhiteElo "2072"]
[BlackElo "2267"]
[PlyCount "120"]
[EventDate "2011.??.??"]
[EventCountry "BUL"]

1. d4 e6 2. Nf3 b6 3. Bf4 Bb7 4. Nbd2 Nf6 5. h3 c5 6. e3 Nc6 7. c3 d5 8. Bd3
Bd6 9. Bxd6 Qxd6 10. O-O O-O 11. Qe2 e5 12. dxe5 Nxe5 13. Nxe5 Qxe5 14. Nf3 Qc7
15. Ba6 Rfe8 16. Bxb7 Qxb7 17. Qc2 b5 18. Rfd1 a6 19. b3 Re4 20. Ng5 Re5 21.
Nf3 Re4 22. Ng5 Re7 23. c4 h6 24. Nf3 dxc4 25. bxc4 b4 26. Qf5 Qc7 27. Rd3 Rae8
28. Rad1 Re6 29. Nd2 a5 30. a3 a4 31. axb4 Re5 32. Qf4 cxb4 33. Nf3 Rc5 34. Ra1
Ra8 35. Qxc7 Rxc7 36. Nd2 Nd7 37. Rb3 Rb7 38. Ne4 Rbb8 39. Rbb1 Ra5 40. c5 Nxc5
41. Nxc5 Rxc5 42. Rxa4 b3 43. Kh2 b2 44. Ra2 Rc2 45. Kg3 f6 46. f4 Rb3 47. Kf3
Kf7 48. g4 Ke6 49. h4 Kd5 50. g5 f5 51. gxh6 gxh6 52. Ra5+ Kc6 53. Rxf5 Rc1 54.
Rxb2 Rxb2 55. Rf6+ Kd5 56. e4+ Kd4 57. Rd6+ Kc5 58. Rxh6 Rf1+ 59. Kg3 Rg1+ 60.
Kf3 Rb3+ 0-1

[Event "Albena BUL, 19th Open round_7"]
[Site "Albena BUL"]
[Date "2011.07.01"]
[Round "7.45"]
[White "Sofranov, Velizar"]
[Black "Angelov, Kosta"]
[Result "1/2-1/2"]
[WhiteElo "2053"]
[BlackElo "2238"]
[PlyCount "70"]
[EventDate "2011.??.??"]
[EventCountry "BUL"]

1. c4 e5 2. g3 Nc6 3. Nc3 d6 4. Bg2 Be6 5. d3 Qd7 6. e4 g6 7. Nge2 Bg7 8. Nd5
Nd8 9. d4 c6 10. Ne3 Bh3 11. Bxh3 Qxh3 12. d5 c5 13. b4 cxb4 14. a3 Nf6 15. f3
O-O 16. axb4 b6 17. Ra6 Bh6 18. Kf2 Qc8 19. Qa4 Nh5 20. Nf5 gxf5 21. Bxh6 fxe4
22. Bxf8 Kxf8 23. Rxa7 Rxa7 24. Qxa7 exf3 25. Kxf3 Qxc4 26. Qa8 Nf6 27. Qxd8+
Kg7 28. Rc1 Qe4+ 29. Kf2 Ng4+ 30. Ke1 Qh1+ 31. Kd2 Qxd5+ 32. Ke1 Qh1+ 33. Kd2
Qd5+ 34. Ke1 Qh1+ 35. Kd2 Qd5+ 1/2-1/2